Statistics for Aek Athens

Click here to take the quiz!

General Stats

  • This quiz has been taken 111 times
    (110 since last reset)
  • The average score is 7 of 16

Answer Stats

YearsAnswer% Correct
2008-2011Ignacio Martin Scocco
88%
2006-2007Rivaldo
74%
1992-1996,2000-2004Vassilios Tsiartas
63%
1977-1981Dusan Bajevic
59%
1955-1965Kostas Nestoridis
59%
1996-2003Nikolaidis Demis
55%
1976-1987Thomas Mauros
53%
1999-2001,2005-2008,2010-2012Traianos Dellas
45%
1962-1989Mimis Papaioanou
44%
2003-2008,2010,2012Nikos Liberopoulos
44%
1979-1998Stelios Manolas
44%
1988-2001Toni Savevski
40%
1994-1997Timur Ketsbaia
17%
1989-1992,1995-1999Daniel Batista Lima
10%
1926-1932Kostas Negrepodis
9%
1934-1952Kleanthis Maropoulos
8%

Score Distribution

Percentile by Number Answered

Percent of People with Each Score

Your Score History

You have not taken this quiz since the last reset